[Event "XXX Festival Conca della Presolana B"]
[Site "Bratto - Castione della Presolana ITA"]
[Date "2010.08.21"]
[Round "1"]
[White "Magistroni, Imerio"]
[Black "Geuna, Pietro"]
[WhiteElo "1693"]
[BlackElo "1515"]
[Result "0-1"]
[PlyCount "86"]
[EventDate "2010.08.21"]

1. e4 c5 2. d4 cxd4 3. c3 dxc3 4. Nxc3 Nc6 5. Nf3 e6 6. Bc4 Bb4 7. O-O Nge7 8.
Qe2 O-O 9. Rd1 a6 10. Be3 b5 11. Bd3 Bb7 12. Rac1 Bxc3 13. Rxc3 d5 14. exd5
Nxd5 15. Bxh7+ Kxh7 16. Ng5+ Kg6 17. Qd3+ Kf6 18. Nh7+ Ke7 19. Bc5+ Ke8 20.
Nxf8 Nxc3 21. Qxd8+ Rxd8 22. Rxd8+ Kxd8 23. bxc3 Ne5 24. Nh7 Bd5 25. a3 Nc4 26.
Ng5 f6 27. Nh3 Nd2 28. f3 Nb1 29. Bb4 Kc7 30. Ba5+ Kc6 31. Nf2 Nxa3 32. Nd3 Nc4
33. Bb4 a5 34. Bf8 g6 35. Kf2 Nd6 36. Be7 a4 37. Bxf6 a3 38. Nb4+ Kc5 39. Nxd5
Kxd5 40. c4+ Nxc4 41. Ke2 e5 42. f4 a2 43. Bxe5 Nxe5 0-1

[Event "XXX Festival Conca della Presolana B"]
[Site "Bratto - Castione della Presolana ITA"]
[Date "2010.08.21"]
[Round "1"]
[White "Marin, Victor-Mihai"]
[Black "Macheda, Andrea"]
[WhiteElo "1812"]
[BlackElo "1907"]
[Result "0-1"]
[PlyCount "62"]
[EventDate "2010.08.21"]

1. e4 c5 2. Nf3 d6 3. d4 cxd4 4. Nxd4 Nf6 5. Nc3 a6 6. Bg5 e6 7. f4 Qc7 8. Qf3
b5 9. O-O-O b4 10. Nb1 Nbd7 11. Bd3 Nc5 12. Rhe1 Be7 13. g4 Bb7 14. Bxf6 Bxf6
15. Qf2 Nxd3+ 16. Rxd3 Rc8 17. g5 Be7 18. a3 a5 19. Nb5 Qc4 20. Nxd6+ Bxd6 21.
Rxd6 Bxe4 22. Re2 Bf5 23. Red2 O-O 24. R6d4 Qb5 25. h4 g6 26. h5 gxh5 27. Qe2
Qb6 28. Rd6 Rxc2+ 29. Rxc2 Qxd6 30. Qd2 Qxd2+ 31. Rxd2 Rc8+ 0-1

[Event "XXX Festival Conca della Presolana B"]
[Site "Bratto - Castione della Presolana ITA"]
[Date "2010.08.21"]
[Round "1"]
[White "Petrone, Gianmario"]
[Black "Biffi, Roberto"]
[WhiteElo "1703"]
[BlackElo "1545"]
[Result "1-0"]
[PlyCount "35"]
[EventDate "2010.08.21"]

1. e4 g6 2. d4 Bg7 3. f4 d6 4. Nf3 Nf6 5. Nc3 Bg4 6. Bd3 Nbd7 7. e5 dxe5 8.
fxe5 Nh5 9. O-O e6 10. h3 Bxf3 11. Qxf3 O-O 12. g4 f6 13. gxh5 fxe5 14. Qg2
Rxf1+ 15. Kxf1 Qh4 16. Bg5 Rf8+ 17. Kg1 Qxd4+ 18. Kh1 1-0

[Event "XXX Festival Conca della Presolana B"]
[Site "Bratto - Castione della Presolana ITA"]
[Date "2010.08.22"]
[Round "2"]
[White "Biffi, Roberto"]
[Black "Vannicola, Roberto"]
[WhiteElo "1545"]
[BlackElo "1416"]
[Result "1-0"]
[PlyCount "131"]
[EventDate "2010.08.21"]

1. d4 d5 2. c4 e6 3. Nf3 Nf6 4. Bf4 Nbd7 5. e3 c5 6. Nc3 cxd4 7. exd4 Bb4 8.
Be2 Ne4 9. Qc2 Qa5 10. Bd2 Nxd2 11. Nxd2 Bxc3 12. bxc3 Nf6 13. Nb3 Qc7 14. O-O
dxc4 15. Nd2 b5 16. a4 Bd7 17. axb5 Bxb5 18. Rfb1 Bc6 19. Nxc4 O-O 20. Nd2 Rfb8
21. f3 Rxb1+ 22. Rxb1 Rb8 23. Rb3 Rxb3 24. Qxb3 Qb7 25. Qa3 g6 26. Nc4 Qb1+ 27.
Kf2 Qb7 28. Na5 Qc7 29. Nxc6 Qxc6 30. Qc5 Qd7 31. Bb5 Qb7 32. c4 a6 33. Qc6
Qxc6 34. Bxc6 Kf8 35. Ba4 Ke7 36. Ke3 Kd6 37. c5+ Kc7 38. Kf4 h6 39. h4 Nd5+
40. Ke5 Nc3 41. Be8 a5 42. Bxf7 g5 43. hxg5 hxg5 44. Bxe6 a4 45. d5 a3 46. d6+
Kb7 47. c6+ Kxc6 48. d7 Kc7 49. Kf6 Kd8 50. Kxg5 a2 51. Bxa2 Nxa2 52. f4 Kxd7
53. Kg6 Ke7 54. Kg7 Nc3 55. f5 Ne4 56. g4 Nf6 57. g5 Nh5+ 58. Kg6 Nf4+ 59. Kh7
Nd5 60. Kg7 Kd7 61. f6 Nc7 62. Kg8 Ne6 63. f7 Ke7 64. g6 Kf6 65. g7 Kg6 66.
f8=Q 1-0

[Event "XXX Festival Conca della Presolana B"]
[Site "Bratto - Castione della Presolana ITA"]
[Date "2010.08.22"]
[Round "2"]
[White "Manfredotti, Pierluigi"]
[Black "Vuckovic, Dimitrije"]
[WhiteElo "1404"]
[BlackElo "1547"]
[Result "1-0"]
[PlyCount "101"]
[EventDate "2010.08.21"]

1. d4 Nf6 2. Nf3 d6 3. Nbd2 g6 4. e4 Nc6 5. Bd3 Bg7 6. c3 O-O 7. O-O a6 8. a4
Bd7 9. Re1 e5 10. dxe5 dxe5 11. Qc2 Nh5 12. Nc4 b5 13. Ncd2 b4 14. a5 Ra7 15.
Nb3 Nf4 16. Bf1 Ne6 17. Be3 Ra8 18. Red1 Qe7 19. Rd5 Rfd8 20. Rad1 Qe8 21. Bc4
Nf4 22. R5d2 Be6 23. Bxe6 Nxe6 24. Ng5 Nxg5 25. Bxg5 f6 26. Be3 Bf8 27. Rd3
Rxd3 28. Rxd3 Rd8 29. Rxd8 Qxd8 30. g3 Qd7 31. Nc5 Bxc5 32. Bxc5 bxc3 33. Qxc3
Kg7 34. b4 h5 35. Be3 g5 36. Kg2 Kg6 37. Qc4 Ne7 38. Qxa6 g4 39. Qc4 f5 40. a6
Qd1 41. Qe6+ Kh7 42. Qxe7+ Kg8 43. Qe6+ Kh7 44. Qxf5+ Kg7 45. Qxe5+ Kf7 46.
Qf4+ Ke6 47. Qh6+ Kd7 48. Qh7+ Kc6 49. Qg6+ Kd7 50. Qf5+ Ke8 51. Qxh5+ 1-0

[Event "XXX Festival Conca della Presolana B"]
[Site "Bratto - Castione della Presolana ITA"]
[Date "2010.08.23"]
[Round "3"]
[White "Magistroni, Imerio"]
[Black "Manfredotti, Pierluigi"]
[WhiteElo "1693"]
[BlackElo "1404"]
[Result "1-0"]
[PlyCount "78"]
[EventDate "2010.08.21"]

1. e4 g6 2. d4 Bg7 3. Nf3 d6 4. Nc3 e6 5. Be3 Nd7 6. Qd2 h6 7. Bd3 a6 8. g4 b6
9. h4 Bb7 10. O-O-O Qe7 11. h5 g5 12. Qe2 Ngf6 13. Nd2 e5 14. d5 c5 15. dxc6
Bxc6 16. Bxa6 O-O 17. f3 Rfb8 18. Bb5 Bxb5 19. Qxb5 Ra5 20. Qd3 b5 21. Nb3 Ra6
22. Nxb5 Rxa2 23. Na3 Ra8 24. Qxd6 Qd8 25. Kb1 Bf8 26. Qd3 Rxb2+ 27. Kxb2 Bxa3+
28. Kb1 Qc8 29. c3 Qb7 30. Kc2 Be7 31. Ra1 Rc8 32. Rhb1 Bb4 33. Bd2 Qb6 34. Nc1
Qc5 35. Ra4 Bxc3 36. Qxc3 Qxc3+ 37. Bxc3 Nc5 38. Rc4 Nfd7 39. Nd3 Ra8 1-0

[Event "XXX Festival Conca della Presolana B"]
[Site "Bratto - Castione della Presolana ITA"]
[Date "2010.08.23"]
[Round "3"]
[White "Tedoldi, Guido"]
[Black "Biffi, Roberto"]
[WhiteElo "1723"]
[BlackElo "1545"]
[Result "0-1"]
[PlyCount "104"]
[EventDate "2010.08.21"]

1. c4 g6 2. Nc3 Bg7 3. e4 d6 4. Nf3 Nf6 5. d3 O-O 6. Be2 c5 7. O-O Nc6 8. Rb1
Bg4 9. Be3 a6 10. d4 e5 11. d5 Bxf3 12. Bxf3 Nd4 13. Bxd4 cxd4 14. Ne2 Rc8 15.
Rc1 Qb6 16. b3 Rc7 17. Ng3 Rfc8 18. Bg4 Nxg4 19. Qxg4 Qa5 20. Qe2 b5 21. Rc2
Qb4 22. f4 bxc4 23. Rfc1 d3 24. Qd2 Qxd2 25. Rxd2 cxb3 26. Rxc7 Rxc7 27. axb3
Rc3 28. b4 Rb3 29. f5 Bh6 30. Rd1 Be3+ 31. Kh1 Rxb4 32. h4 d2 33. Nf1 Bh6 34.
Nxd2 Bxd2 35. Rxd2 Rxe4 36. g3 gxf5 37. Kg2 Rd4 38. Ra2 Rxd5 39. Rxa6 Kg7 40.
Ra2 h5 41. Kf3 Rd3+ 42. Kf2 e4 43. Re2 d5 44. Kg2 d4 45. Rf2 Kg6 46. Rc2 Rc3
47. Rf2 d3 48. Kf1 Rc1+ 49. Kg2 Rc2 50. Kf1 Rxf2+ 51. Kxf2 Kf6 52. Ke3 Ke5 0-1

[Event "XXX Festival Conca della Presolana B"]
[Site "Bratto - Castione della Presolana ITA"]
[Date "2010.08.24"]
[Round "4"]
[White "Biffi, Roberto"]
[Black "Reale, Simone"]
[WhiteElo "1545"]
[BlackElo "1884"]
[Result "0-1"]
[PlyCount "50"]
[EventDate "2010.08.21"]

1. d4 Nf6 2. c4 e5 3. e3 exd4 4. exd4 d5 5. Nf3 c6 6. Nc3 Be7 7. Be2 O-O 8. O-O
dxc4 9. Bxc4 Bf5 10. Nh4 Bg4 11. f3 Bh5 12. Bd3 Qxd4+ 13. Kh1 Qxh4 14. Bf5 Rd8
15. Qe1 Qxe1 16. Rxe1 Bb4 17. Bf4 Na6 18. a3 Bxc3 19. bxc3 Bg6 20. Bxg6 hxg6
21. Bg3 Re8 22. h4 Nc5 23. Rab1 b6 24. Bd6 Rxe1+ 25. Rxe1 Re8 0-1

[Event "XXX Festival Conca della Presolana B"]
[Site "Bratto - Castione della Presolana ITA"]
[Date "2010.08.24"]
[Round "4"]
[White "Manfredotti, Pierluigi"]
[Black "Paulovich, Adriano"]
[WhiteElo "1404"]
[BlackElo "1712"]
[Result "0-1"]
[PlyCount "73"]
[EventDate "2010.08.21"]

1. d4 Nf6 2. Nf3 g6 3. Nbd2 Bg7 4. e4 d6 5. Bd3 O-O 6. c3 Nbd7 7. O-O c5 8. d5
e5 9. a4 a5 10. Qc2 Nb6 11. b3 Nh5 12. Nb1 Bg4 13. Be2 Nd7 14. Nbd2 Nf4 15. Bb5
f5 16. Ne1 Ne2+ 17. Kh1 Nxc1 18. Rxc1 Bh6 19. Rb1 Bxd2 20. Qxd2 fxe4 21. Nc2
Nf6 22. Ne3 Bd7 23. Be2 Rb8 24. c4 b6 25. Ra1 Rf7 26. f3 exf3 27. Bxf3 Qe7 28.
Qe2 Rbf8 29. h3 h5 30. Qc2 e4 31. Be2 Qe5 32. Rad1 Qg3 33. Qc3 Bxh3 34. gxh3
Qxh3+ 35. Kg1 Qg3+ 36. Kh1 Ng4 37. Nxg4 0-1

[Event "XXX Festival Conca della Presolana B"]
[Site "Bratto - Castione della Presolana ITA"]
[Date "2010.08.25"]
[Round "5"]
[White "Boerci, Roberto"]
[Black "Manfredotti, Pierluigi"]
[WhiteElo "1727"]
[BlackElo "1404"]
[Result "1-0"]
[PlyCount "45"]
[EventDate "2010.08.21"]

1. Nf3 g6 2. g3 Bg7 3. Bg2 e5 4. d3 d5 5. O-O c6 6. e4 Be6 7. h3 d4 8. Ng5 Qe7
9. Nxe6 Qxe6 10. Nd2 Nd7 11. Nf3 h6 12. Bd2 Ne7 13. a3 g5 14. Nh2 O-O-O 15. b4
f5 16. exf5 Nxf5 17. a4 Bf8 18. b5 c5 19. a5 c4 20. Qf3 Nc5 21. a6 Nd6 22.
axb7+ Kb8 23. Rxa7 1-0

[Event "XXX Festival Conca della Presolana B"]
[Site "Bratto - Castione della Presolana ITA"]
[Date "2010.08.25"]
[Round "5"]
[White "Marin, Victor-Mihai"]
[Black "Biffi, Roberto"]
[WhiteElo "1812"]
[BlackElo "1545"]
[Result "1-0"]
[PlyCount "51"]
[EventDate "2010.08.21"]

1. e4 g6 2. d4 d6 3. f4 Bg7 4. Nf3 Nf6 5. Nc3 O-O 6. Bd3 Bg4 7. O-O c5 8. d5
Nbd7 9. Qe1 Nb6 10. Qh4 Bxf3 11. Rxf3 e5 12. fxe5 Nfd7 13. Bg5 f6 14. exf6 Bxf6
15. Bxf6 Rxf6 16. Rxf6 Qxf6 17. Qxf6 Nxf6 18. Rf1 Nfd7 19. Nb5 Nc8 20. Nc7 Rb8
21. Ne8 Ne5 22. Rf6 Nf7 23. Bb5 Kf8 24. Bd7 Nb6 25. Nxd6 Nxd7 26. Rxf7+ 1-0

[Event "XXX Festival Conca della Presolana B"]
[Site "Bratto - Castione della Presolana ITA"]
[Date "2010.08.26"]
[Round "6"]
[White "Biffi, Roberto"]
[Black "Venturelli, Sara"]
[WhiteElo "1545"]
[BlackElo "1425"]
[Result "1-0"]
[PlyCount "51"]
[EventDate "2010.08.21"]

1. d4 d5 2. c4 dxc4 3. e3 Nf6 4. Bxc4 Bf5 5. Nf3 e6 6. Nc3 Nc6 7. O-O Be7 8. a3
O-O 9. Re1 Bg4 10. Be2 Nd5 11. e4 Nxc3 12. bxc3 f5 13. Nd2 Bxe2 14. Qxe2 Rf7
15. Nf3 a6 16. Bb2 b5 17. Rad1 Qf8 18. d5 fxe4 19. Qxe4 exd5 20. Qe6 Nd8 21.
Qxd5 c6 22. Qe4 Bxa3 23. Bxa3 Qxa3 24. Ng5 Re7 25. Qxh7+ Kf8 26. Qh8# 1-0

[Event "XXX Festival Conca della Presolana B"]
[Site "Bratto - Castione della Presolana ITA"]
[Date "2010.08.26"]
[Round "6"]
[White "Manfredotti, Pierluigi"]
[Black "Picasso, Filippo"]
[WhiteElo "1404"]
[BlackElo "1543"]
[Result "1/2-1/2"]
[PlyCount "45"]
[EventDate "2010.08.21"]

1. d4 d5 2. Nf3 Bf5 3. e3 Nf6 4. Nbd2 Nc6 5. a3 e6 6. b4 Bd6 7. Bb2 O-O 8. Be2
Re8 9. O-O a6 10. c4 dxc4 11. Nxc4 b5 12. Nxd6 cxd6 13. Bd3 Ne7 14. Re1 Bg4 15.
Be2 Ned5 16. Nd2 Bxe2 17. Rxe2 Rc8 18. Rc1 Re7 19. Nf3 Ne4 20. Rxc8 Qxc8 21.
Rc2 Rc7 22. Rxc7 Qxc7 23. h3 1/2-1/2

[Event "XXX Festival Conca della Presolana B"]
[Site "Bratto - Castione della Presolana ITA"]
[Date "2010.08.26"]
[Round "6"]
[White "Manino, Edoardo"]
[Black "Mansueti, Marco"]
[WhiteElo "1938"]
[BlackElo "1887"]
[Result "1-0"]
[PlyCount "107"]
[EventDate "2010.08.21"]

1. d4 d5 2. c4 e6 3. Nc3 Nf6 4. cxd5 exd5 5. Bg5 Be7 6. e3 O-O 7. Bd3 Nc6 8. a3
Be6 9. Qc2 h6 10. Bh4 Nh5 11. Bxe7 Nxe7 12. Nf3 Nf6 13. h3 Nd7 14. O-O c6 15.
b4 Rc8 16. Qb3 Rc7 17. a4 c5 18. bxc5 Nxc5 19. Qb1 Nxd3 20. Qxd3 a6 21. Rfc1
Qd6 22. Qd2 Rfc8 23. Qb2 f6 24. Ne2 Rxc1+ 25. Rxc1 Rxc1+ 26. Nxc1 Qc6 27. Qa3
Kf7 28. Nd3 Qc7 29. Nc5 Bc8 30. Qd3 Qa5 31. Qb3 Qc7 32. e4 b6 33. exd5 bxc5 34.
d6+ Be6 35. Ne5+ fxe5 36. Qf3+ Kg8 37. dxc7 exd4 38. Qe4 Kf7 39. Qf4+ Ke8 40.
Qd6 Bc8 41. Qxc5 Bf5 42. Qxd4 Kf8 43. g4 Bc8 44. f4 Kf7 45. Kg2 Kf8 46. Kf3
Bb7+ 47. Kg3 Bc8 48. Qd3 Kf7 49. h4 Kf8 50. f5 Kf7 51. Kf4 Kf8 52. Qd6 Kf7 53.
Qd4 Kf8 54. f6 1-0

[Event "XXX Festival Conca della Presolana B"]
[Site "Bratto - Castione della Presolana ITA"]
[Date "2010.08.27"]
[Round "7"]
[White "Boerci, Roberto"]
[Black "Biffi, Roberto"]
[WhiteElo "1727"]
[BlackElo "1545"]
[Result "1/2-1/2"]
[PlyCount "98"]
[EventDate "2010.08.21"]

1. Nf3 d6 2. g3 Nf6 3. d3 e5 4. e4 Nc6 5. Bg2 Be7 6. c3 b5 7. Nbd2 O-O 8. O-O
a5 9. d4 Rb8 10. d5 Na7 11. Qe2 c5 12. a4 Bd7 13. axb5 Bxb5 14. c4 Bd7 15. Qd3
Qb6 16. b3 Rb7 17. Nh4 Rfb8 18. Nf5 Nc8 19. Ra3 Bf8 20. Qf3 Ne7 21. Nh6+ gxh6
22. Qxf6 Ng6 23. Qf3 Qd8 24. Nb1 a4 25. Nd2 Bg7 26. bxa4 Ra7 27. Qd1 Rb4 28. a5
Rxa5 29. Rxa5 Qxa5 30. Nb3 Qa4 31. Nd2 Qxd1 32. Rxd1 Ba4 33. Re1 Bf6 34. h4 Kg7
35. Ba3 Rb7 36. Rb1 Rxb1+ 37. Nxb1 Bd8 38. Nc3 Bb3 39. Nb5 Be7 40. Bf1 Nf8 41.
Bd3 Nd7 42. Bc1 Nb6 43. Na3 Na4 44. f4 f6 45. g4 Nb6 46. Kf2 Kf7 47. fxe5 fxe5
48. Kg3 Kg7 49. g5 h5 1/2-1/2

[Event "XXX Festival Conca della Presolana B"]
[Site "Bratto - Castione della Presolana ITA"]
[Date "2010.08.27"]
[Round "7"]
[White "Bogdan, Elizaveta"]
[Black "Macheda, Andrea"]
[WhiteElo "1841"]
[BlackElo "1907"]
[Result "0-1"]
[PlyCount "96"]
[EventDate "2010.08.21"]

1. Nf3 d6 2. e3 Nf6 3. b3 g6 4. Bb2 Bg7 5. Bb5+ c6 6. Be2 O-O 7. O-O e5 8. d4
exd4 9. Nxd4 d5 10. c4 Re8 11. Nc3 c5 12. Nf3 Ne4 13. Qc1 Nxc3 14. Bxc3 d4 15.
Bd2 dxe3 16. Bxe3 Bxa1 17. Qxa1 Rxe3 18. fxe3 Qe7 19. Qc3 Nc6 20. Nd2 Bf5 21.
Bf3 Rd8 22. Bd5 Be6 23. Ne4 f5 24. Bxe6+ Qxe6 25. Nxc5 Qe7 26. Na4 Nb4 27. a3
Na2 28. Qe1 Rd3 29. Qe2 Qxe3+ 30. Qxe3 Rxe3 31. Rb1 Nc3 32. Nxc3 Rxc3 33. Kf2
Rc2+ 34. Kf3 Kf7 35. Re1 Kf6 36. Re3 g5 37. h3 h5 38. Rd3 g4+ 39. hxg4 hxg4+
40. Kf4 Rxg2 41. Rd6+ Ke7 42. Rh6 Rf2+ 43. Kg5 g3 44. Rg6 g2 45. Kh4 f4 46. Kh3
f3 47. Kh2 Rf1 48. Rg3 Rh1# 0-1

[Event "XXX Festival Conca della Presolana B"]
[Site "Bratto - Castione della Presolana ITA"]
[Date "2010.08.27"]
[Round "7"]
[White "Leone, Cataldo"]
[Black "Manfredotti, Pierluigi"]
[WhiteElo "1573"]
[BlackElo "1404"]
[Result "1/2-1/2"]
[PlyCount "100"]
[EventDate "2010.08.21"]

1. e4 d6 2. d4 g6 3. f4 e6 4. Nf3 Bg7 5. Bd3 Nd7 6. c3 b6 7. Be3 Bb7 8. Nbd2
Ne7 9. O-O h6 10. Qc2 f5 11. Rae1 Nf6 12. e5 Ng4 13. Bc4 Bd5 14. Bb5+ Bc6 15.
Bxc6+ Nxc6 16. Qa4 Qd7 17. exd6 cxd6 18. Nc4 O-O 19. Qb3 d5 20. Nce5 Ngxe5 21.
fxe5 Qe7 22. Qc2 Nd8 23. Qf2 Nf7 24. Nh4 Nh8 25. Kh1 g5 26. Nf3 f4 27. Bd2 Ng6
28. Qe2 Rf7 29. Qd3 Nh8 30. h3 Raf8 31. c4 dxc4 32. Qxc4 Qd7 33. Rc1 Ng6 34.
Rc2 Ne7 35. Rfc1 Nf5 36. Qb4 Ng3+ 37. Kh2 Qd5 38. Qc4 Qxc4 39. Rxc4 Rd8 40. Rc6
Re7 41. Bb4 Ree8 42. Rc7 Ne2 43. R1c4 b5 44. R4c5 Nxd4 45. Nxd4 Rxd4 46. Rxb5
Rd5 47. Rxd5 exd5 48. Bd6 Bxe5 49. Bxe5 Rxe5 50. Rxa7 Re2 1/2-1/2

[Event "XXX Festival Conca della Presolana B"]
[Site "Bratto - Castione della Presolana ITA"]
[Date "2010.08.28"]
[Round "8"]
[White "Biffi, Roberto"]
[Black "Turazza, Andrea"]
[WhiteElo "1545"]
[BlackElo "1857"]
[Result "1/2-1/2"]
[PlyCount "55"]
[EventDate "2010.08.21"]

1. d4 f5 2. c4 Nf6 3. Nf3 e6 4. Nc3 d5 5. Bg5 c6 6. e3 Bd6 7. c5 Bc7 8. Ne5 O-O
9. Be2 Nbd7 10. f4 Qe8 11. O-O Rb8 12. Rf3 Nxe5 13. dxe5 Ne4 14. Nxe4 fxe4 15.
Rg3 Kh8 16. Bh5 Qd7 17. Qg4 Bd8 18. Bxd8 Rxd8 19. Rf1 Qe7 20. Qg5 Qc7 21. Bg4
b6 22. f5 exf5 23. Bxf5 Ba6 24. Rf2 Qxe5 25. Qg4 Qf6 26. Qh3 Qh6 27. Qxh6 gxh6
28. Bxh7 1/2-1/2

[Event "XXX Festival Conca della Presolana B"]
[Site "Bratto - Castione della Presolana ITA"]
[Date "2010.08.28"]
[Round "8"]
[White "Manfredotti, Pierluigi"]
[Black "Rombaldoni, Sharon"]
[WhiteElo "1404"]
[BlackElo "1622"]
[Result "0-1"]
[PlyCount "46"]
[EventDate "2010.08.21"]

1. d4 c5 2. Nf3 e6 3. e3 Nf6 4. Nbd2 d5 5. Bd3 c4 6. Be2 b5 7. c3 Nc6 8. O-O a6
9. Ne5 Nxe5 10. dxe5 Nd7 11. f4 Bc5 12. Nf3 O-O 13. Kh1 f6 14. Nd4 Qe8 15. Bg4
Nb6 16. f5 exf5 17. Bxf5 fxe5 18. Be6+ Bxe6 19. Rxf8+ Bxf8 20. Nf3 Bg4 21. Qf1
Bc5 22. Bd2 Bxf3 23. Qxf3 Qf8 0-1

[Event "XIV Festival A"]
[Site "Cesenatico ITA"]
[Date "2010.08.??"]
[Round "1"]
[White "Shalnyeva, Olga"]
[Black "Cordova, Emilio"]
[WhiteElo "2153"]
[BlackElo "2560"]
[Result "0-1"]
[PlyCount "89"]
[EventDate "2010.08.30"]

1. f4 e5 2. fxe5 d6 3. exd6 Bxd6 4. Nf3 g5 5. d4 g4 6. Ne5 Bxe5 7. dxe5 Qxd1+
8. Kxd1 Nc6 9. Nc3 Be6 10. Bg5 Nge7 11. Ke1 O-O-O 12. Rd1 Rxd1+ 13. Kxd1 Re8
14. Bf4 Nd5 15. Bd2 Nxc3+ 16. Bxc3 Bd5 17. Rg1 Nxe5 18. b3 Nd7 19. g3 h5 20.
Bd4 Re6 21. Kc1 c5 22. Bc3 Nf6 23. Bxf6 Rxf6 24. Bg2 Bxg2 25. Rxg2 Kd7 26. Kd2
Ke6 27. Ke3 Rf1 28. Rf2 Rc1 29. Kd2 Ra1 30. a4 f5 31. Kd3 Ke5 32. Ke3 Rh1 33.
Rg2 c4 34. b4 Ra1 35. a5 Rb1 36. c3 Rb2 37. Rg1 Rc2 38. Rb1 Rxc3+ 39. Kd2 Rb3
40. Ra1 Kd4 41. Rf1 Rb2+ 42. Kc1 Rxe2 43. Rxf5 Kc3 44. Kd1 Rxh2 45. Rf7 0-1

[Event "XIV Festival A"]
[Site "Cesenatico ITA"]
[Date "2010.08.??"]
[Round "1"]
[White "Salvador, Roland"]
[Black "Facchetti, Gianni"]
[WhiteElo "2498"]
[BlackElo "2151"]
[Result "1/2-1/2"]
[PlyCount "97"]
[EventDate "2010.08.30"]

1. d4 Nf6 2. Nf3 d6 3. g3 Nbd7 4. Bg2 e5 5. O-O Be7 6. c4 c6 7. b3 O-O 8. Bb2
e4 9. Nfd2 d5 10. cxd5 cxd5 11. Nc3 Nb6 12. f3 exf3 13. exf3 Bf5 14. Re1 Re8
15. Nf1 Qd7 16. Ne3 Bh3 17. Qd3 Bxg2 18. Kxg2 Bb4 19. a3 Bxc3 20. Bxc3 Re6 21.
Nf5 Rae8 22. g4 Nc8 23. Re5 Qc6 24. Rae1 Nd7 25. R5e3 Nf8 26. Bd2 Rxe3 27. Rxe3
Rxe3 28. Qxe3 Ne6 29. h4 f6 30. g5 fxg5 31. hxg5 Kf7 32. Kh3 Ne7 33. Nxe7 Kxe7
34. f4 Qc2 35. Kg4 Qd1+ 36. Kf5 Qc2+ 37. Ke5 Qc6 38. Bb4+ Kd7 39. f5 Qc7+ 40.
Kxd5 Qc6+ 41. Ke5 Qc7+ 42. Ke4 Qc2+ 43. Ke5 Qc7+ 44. Kd5 Qc6+ 45. Ke5 Qc7+ 46.
Ke4 Qc2+ 47. Ke5 Qc7+ 48. Kd5 Qc6+ 49. Ke5 1/2-1/2

[Event "XIV Festival A"]
[Site "Cesenatico ITA"]
[Date "2010.08.??"]
[Round "1"]
[White "Brunner, Werner"]
[Black "Petkov, Vladimir"]
[WhiteElo "2149"]
[BlackElo "2496"]
[Result "0-1"]
[PlyCount "58"]
[EventDate "2010.08.30"]

1. d4 Nf6 2. Nf3 c5 3. e3 g6 4. Nbd2 Bg7 5. Bd3 O-O 6. O-O d5 7. c3 Qc7 8. Ne5
Nc6 9. f4 Bf5 10. Qe2 Bxd3 11. Qxd3 e6 12. a3 Ne7 13. g4 cxd4 14. exd4 Ne8 15.
g5 f6 16. Ng4 Nc6 17. Nf3 f5 18. Nge5 Nd6 19. Be3 b5 20. Rae1 Rab8 21. Nd2 Ne4
22. Nxe4 fxe4 23. Qe2 Ne7 24. h4 Nf5 25. Qg4 Bxe5 26. dxe5 a5 27. Qh3 Qc4 28.
Bc1 b4 29. Rf2 bxa3 0-1

[Event "XIV Festival A"]
[Site "Cesenatico ITA"]
[Date "2010.08.??"]
[Round "1"]
[White "Massironi, Marco"]
[Black "Meijers, Viesturs"]
[WhiteElo "2139"]
[BlackElo "2474"]
[Result "1/2-1/2"]
[PlyCount "97"]
[EventDate "2010.08.30"]

1. e4 c5 2. Nf3 e6 3. d4 cxd4 4. Nxd4 a6 5. Bd3 b5 6. O-O Bb7 7. a4 b4 8. Nd2
Nf6 9. Qe2 Qc7 10. Nc4 Be7 11. Bd2 d5 12. exd5 Bxd5 13. Ne3 Bb7 14. c3 bxc3 15.
Bxc3 Nbd7 16. Rac1 Qf4 17. Nef5 exf5 18. Nxf5 Be4 19. Bxf6 Nxf6 20. Bxe4 Qxe4
21. Qxe4 Nxe4 22. Rfe1 g6 23. Nxe7 Kxe7 24. Rxe4+ Kf6 25. Rf4+ Kg7 26. Rc7 Rhf8
27. h4 Rab8 28. b4 h6 29. Rc6 Ra8 30. Rff6 Rab8 31. Rb6 Rfd8 32. a5 Rxb6 33.
Rxb6 Rd4 34. g3 f5 35. Kg2 h5 36. Kf3 Re4 37. Rxa6 Rxb4 38. Rb6 Ra4 39. a6 Kf7
40. Rb7+ Kf6 41. a7 Ke5 42. Ke3 Ra3+ 43. Kd2 f4 44. Kc2 fxg3 45. fxg3 Kf5 46.
Kb2 Ra6 47. Kc3 Kg4 48. Rg7 Kh3 49. Rxg6 1/2-1/2

[Event "XIV Festival A"]
[Site "Cesenatico ITA"]
[Date "2010.08.??"]
[Round "1"]
[White "Levin, Felix"]
[Black "Kanina, Adriatik"]
[WhiteElo "2472"]
[BlackElo "2128"]
[Result "1-0"]
[PlyCount "39"]
[EventDate "2010.08.30"]

1. Nf3 d5 2. d4 Nf6 3. c4 e6 4. g3 Be7 5. Bg2 O-O 6. Qc2 c6 7. O-O Nbd7 8. Nbd2
b6 9. e4 dxe4 10. Nxe4 Bb7 11. Nxf6+ Nxf6 12. Rd1 Nd7 13. Bf4 Qc8 14. Rd2 c5
15. d5 exd5 16. cxd5 Bf6 17. Ng5 g6 18. Ne4 Be5 19. Bxe5 Nxe5 20. Qc3 1-0

[Event "XIV Festival A"]
[Site "Cesenatico ITA"]
[Date "2010.08.??"]
[Round "1"]
[White "Gori, Andrea"]
[Black "Shalnev, Nikolai"]
[WhiteElo "2122"]
[BlackElo "2436"]
[Result "1/2-1/2"]
[PlyCount "28"]
[EventDate "2010.08.30"]

1. e4 c5 2. Nf3 d6 3. d4 cxd4 4. Nxd4 Nf6 5. f3 a6 6. c4 e6 7. Be3 Be7 8. Nc3
Bd7 9. Qd2 Nc6 10. Be2 O-O 11. O-O Qc7 12. Rac1 Nxd4 13. Bxd4 Rfd8 14. Be3 Rf8
1/2-1/2

[Event "XIV Festival A"]
[Site "Cesenatico ITA"]
[Date "2010.08.??"]
[Round "1"]
[White "Marholev, Dimitar"]
[Black "Zucconi, Leandro"]
[WhiteElo "2428"]
[BlackElo "2093"]
[Result "1-0"]
[PlyCount "36"]
[EventDate "2010.08.30"]

1. e4 e6 2. d4 d5 3. Nd2 c5 4. Ngf3 Nc6 5. exd5 exd5 6. Bb5 Nf6 7. O-O Be7 8.
dxc5 O-O 9. Nb3 Bg4 10. Be2 Re8 11. Be3 Rc8 12. h3 Bh5 13. Re1 Ne4 14. c3 Bg6
15. Nfd4 Bf8 16. Nxc6 bxc6 17. Ba6 Rc7 18. f3 Ng5 1-0

[Event "XIV Festival A"]
[Site "Cesenatico ITA"]
[Date "2010.08.??"]
[Round "1"]
[White "Sveshnikov, Vladimir"]
[Black "Jasnig, Stelio"]
[WhiteElo "2391"]
[BlackElo "2082"]
[Result "1-0"]
[PlyCount "45"]
[EventDate "2010.08.30"]

1. e4 e6 2. d4 d5 3. e5 c5 4. c3 c4 5. b3 b5 6. a4 Bd7 7. axb5 Bxb5 8. Nd2 Qc7
9. bxc4 dxc4 10. Nxc4 Bxc4 11. Qa4+ Nd7 12. Qxc4 Qxc4 13. Bxc4 Ne7 14. Ne2 Ng6
15. Bb5 Be7 16. O-O Bd8 17. Ba3 Ne7 18. Bc5 Nd5 19. Bxa7 Ke7 20. Bc5+ Nxc5 21.
Rxa8 Ne4 22. Rfa1 Nc7 23. R1a7 1-0

[Event "XIV Festival A"]
[Site "Cesenatico ITA"]
[Date "2010.08.??"]
[Round "1"]
[White "De Santis, Alessio"]
[Black "Gazzarri, Alberto"]
[WhiteElo "2348"]
[BlackElo "2063"]
[Result "1-0"]
[PlyCount "71"]
[EventDate "2010.08.30"]

1. b3 d5 2. Bb2 Nf6 3. e3 Bf5 4. Nf3 h6 5. h3 Nbd7 6. d3 e6 7. Nbd2 Bd6 8. g4
Bg6 9. Qe2 Qe7 10. a3 O-O-O 11. Bg2 Rhg8 12. b4 h5 13. Nh4 Bh7 14. g5 Ne8 15.
Qxh5 Rh8 16. Nb3 Qf8 17. Qg4 Kb8 18. f4 c5 19. O-O c4 20. dxc4 Bxc2 21. Na5 Be4
22. cxd5 exd5 23. Bxe4 dxe4 24. Nf5 Bc7 25. Rfd1 Rh7 26. Rac1 g6 27. Nd4 f5 28.
Qe2 Rc8 29. Qb5 Nb6 30. Nac6+ bxc6 31. Nxc6+ Ka8 32. Na5 Kb8 33. Qa6 Bd6 34.
Rxc8+ Nxc8 35. Nc6+ Ka8 36. Qxc8+ 1-0